000 005800000a22001810004500
003 MACL
005 20160522135052.0
008 160522b xxu||||| |||| 00| 0 eng d
040 _aMACL
_cMACL
041 _aHindi
082 _a891.433
100 _aप्रो कटटीमनी, टी वी
_958814
245 _aकथाशेष
_cप्रो टी वी कटटीमनी
260 _bअंचित पब्लिशिंग हाउस
_c2008
_aदिल्‍ली
350 _a175
650 _aStories
_958815
942 _cHIN
_k891.433/KAT
_2ddc
999 _c41295
_d41295